The Young Sportsman Guide to Hunting (Record no. 919)

MARC details
000 -LEADER
fixed length control field 00316nam a2200109 4500
008 - FIXED-LENGTH DATA ELEMENTS--GENERAL INFORMATION
fixed length control field 160625b xxu||||| |||| 00| 0 eng d
100 ## - MAIN ENTRY--PERSONAL NAME
9 (RLIN) 1136
Personal name Paust, G
245 ## - TITLE STATEMENT
Title The Young Sportsman Guide to Hunting
260 ## - PUBLICATION, DISTRIBUTION, ETC. (IMPRINT)
Place of publication, distribution, etc. N.Y
Name of publisher, distributor, etc. Thomas Nelson & Sons
Date of publication, distribution, etc. 1961
300 ## - PHYSICAL DESCRIPTION
Extent The Young Sportsman Guide to Hunting
942 ## - ADDED ENTRY ELEMENTS (KOHA)
Source of classification or shelving scheme Dewey Decimal Classification
Koha item type BOOK
Holdings
Withdrawn status Lost status Source of classification or shelving scheme Damaged status Not for loan Home library Current library Shelving location Date acquired Total Checkouts Full call number Barcode Date last seen Price effective from Koha item type
    Dewey Decimal Classification     Good Samaritan School Library Good Samaritan School Library FICTION 06/25/2016   823 PAU1473 06/25/2016 06/25/2016 BOOK

Powered by Koha